Auswirkungen von sozio-technischen Wandels im Zusammenhang mit der Wirtschaftswachstum und Innovation
Saved in:
| Main Author: | |
|---|---|
| Format: | Book Chapter |
| Language: | German |
| Subjects: | |
| Tags: |
No Tags, Be the first to tag this record!
|
MARC
| LEADER | 00000naa a2200000 4500 | ||
|---|---|---|---|
| 001 | 0208771 | ||
| 005 | 20240502073453.0 | ||
| 041 | 0 | |a ger | |
| 044 | |a SK | ||
| 245 | 1 | 0 | |a Auswirkungen von sozio-technischen Wandels im Zusammenhang mit der Wirtschaftswachstum und Innovation |c Miroslava Čukanová |
| 610 | 2 | 0 | |a rast hospodársky |
| 610 | 2 | 0 | |a inovácia |
| 610 | 2 | 0 | |a index rozvoja ľudského |
| 610 | 2 | 0 | |a úroveň životná |
| 610 | 2 | 0 | |a ekológia |
| 610 | 2 | 0 | |a Európska únia |
| 100 | 1 | |a Čukanová, Miroslava, 1984- | |